| 000 | 00388cam a22001097a 4500 | ||
|---|---|---|---|
| 008 | 180718b1989 xxu||||| |||| 00| 0 eng d | ||
| 082 | _aZ71x67 In8 | ||
| 100 | _aCarr, Stephen J. | ||
| 245 |
_aTechnology for small-scale farmers in sub-saharan Africa: experience with food crop prodeuction in five major _cby Stephen J. Carr |
||
| 260 |
_aWashington, D.C. _bWorld Bank _c1989 |
||
| 300 | _a106p. | ||
| 999 |
_c327950 _d327950 |
||